00351 2200145 4500001002100000005001500021035002000036245005200056100002200108300001100130260003000141082000800171084001400179990001200193INLIS00000000000203320250527090225 a0010-05250003251 aMudah Dipelajari Berhitung /cHasinta Sintawati0 aHasinta Sintawati a96 hlm bKarisma Publishing,c2006 a510 a510 HAS m a0713214